000 00743nam a2200265Ia 4500
003 OSt
005 20221006160217.0
006 a|||||r|||| 00| 0
007 ta
008 221006b |||||||| |||| 00| 0 eng d
020 _a9788971992890
_c
_35.00
024 _a44,622
037 _bGift, Window on Korea
_cTextual
040 _aEASL
_cEASL
_beng
041 _2eng
_aeng
082 _aU8.495SE, P7
100 _aJung Ha-Yun Tr.
_9666345
245 0 _aField guide to History
_b Seoul
260 _aGyeonggi-do
_bDolbegae Publishers Korea
_c2007
300 _a344p.
_ccm.
490 _v KEL
650 _aKEL
942 _hU8.495SE, P7
_cTEXL
_2CC
999 _c1112714
_d1112714